000 00331nam a2200133Ia 4500
005 20260328104335.0
008 260328s9999||||xx |||||||||||||| ||und||
100 _aParicio, Ignacio
245 0 _aEl Tendido de las Instalaciones /
_cIgnacio Paricio
260 _bBisagra
300 _a80 p.
650 _aELECTRICIDAD
942 _cBK
999 _c11845
_d11845